Problemas de la expansión siderúrgica en España / (Record no. 17727)

MARC details
000 -LEADER
campo de control de longitud fija 00924nam a2200253 i 4500
001 - NÚMERO DE CONTROL
campo de control 17727
003 - IDENTIFICADOR DE NÚMERO DE CONTROL
campo de control ES-MaACL
005 - FECHA Y HORA DE LA ÚLTIMA TRANSACCIÓN
campo de control 20230906151644.0
007 - CAMPO FIJO DE DESCRIPCIÓN FÍSICA--INFORMACIÓN GENERAL
campo de control de longitud fija t|
008 - DATOS DE LONGITUD FIJA--INFORMACIÓN GENERAL
campo de control de longitud fija 010510s1954 sp ||||1| spa d
080 ## - NÚMERO DE LA CLASIFICACIÓN DECIMAL UNIVERSAL
Número de la Clasificación Decimal Universal 338.45:669.1(460)
080 ## - NÚMERO DE LA CLASIFICACIÓN DECIMAL UNIVERSAL
Número de la Clasificación Decimal Universal 669.1(460):338.45
100 0# - ENTRADA PRINCIPAL--NOMBRE DE PERSONA
Nombre de persona París Eguilaz, Higinio.
9 (RLIN) 89148
245 10 - MENCIÓN DEL TÍTULO
Título Problemas de la expansión siderúrgica en España /
Mención de responsabilidad, etc. por Higinio Paris Eguilaz.
260 ## - PUBLICACIÓN, DISTRIBUCIÓN, ETC.
Lugar de publicación, distribución, etc. Madrid :
Nombre del editor, distribuidor, etc. Instituto Sancho de Moncada, de Economía,
Fecha de publicación, distribución, etc. 1954.
300 ## - DESCRIPCIÓN FÍSICA
Extensión 137 p. ;
Dimensiones 25 cm.
500 ## - NOTA GENERAL
Nota general En port.: Consejo Superior de Investigaciones Científicas.
500 ## - NOTA GENERAL
Nota general Biblioteca Juan Andrade.
650 14 - PUNTO DE ACCESO ADICIONAL DE MATERIA--TÉRMINO DE MATERIA
Término de materia o nombre geográfico como elemento de entrada Industria siderúrgica-
Subdivisión geográfica España.
9 (RLIN) 13733
710 2# - ENTRADA AGREGADA--NOMBRE DE ENTIDAD CORPORATIVA
Nombre de entidad corporativa o nombre de jurisdicción como elemento de entrada Consejo Superior de Investigaciones Científicas (España)
9 (RLIN) 3236
710 2# - ENTRADA AGREGADA--NOMBRE DE ENTIDAD CORPORATIVA
Nombre de entidad corporativa o nombre de jurisdicción como elemento de entrada Instituto de Economía "Sancho de Moncada"
9 (RLIN) 4867
852 ## - LOCALIZACIÓN
Ubicación ES-MaACL
Número de control de estantería AND-14
Sublocalización o colección R.109345
852 ## - LOCALIZACIÓN
Ubicación ES-MaACL
Número de control de estantería C-8708
Sublocalización o colección R.36764
Holdings
Estatus retirado Estado de pérdida Estado de daño No para préstamo Biblioteca de origen Biblioteca actual Ubicación en estantería Fecha de adquisición Fuente de adquisición Total de préstamos Signatura topográfica completa Código de barras Visto por última vez Precio de reemplazo Tipo de ítem Koha
        Biblioteca del Ateneo de Madrid Biblioteca del Ateneo de Madrid Sala Palomar 17/01/2008     C-8708 1018091 23/02/2023 23/02/2023 Libro impreso
        Biblioteca del Ateneo de Madrid Biblioteca del Ateneo de Madrid Depósito 2 17/01/2008     AND-14 1018090 23/02/2023 23/02/2023 Libro impreso